<?xml version="1.0" encoding="UTF-8"?>
<collection xmlns="http://www.loc.gov/MARC21/slim">
 <record>
  <leader>00733nab a2200205 i 4500</leader>
  <controlfield tag="001">publ12682</controlfield>
  <controlfield tag="005">20200302163302.0</controlfield>
  <controlfield tag="008">180110s2017    hu      o     0||   zxx d</controlfield>
  <datafield tag="022" ind1=" " ind2=" ">
   <subfield code="a">1589-1283</subfield>
  </datafield>
  <datafield tag="024" ind1="7" ind2=" ">
   <subfield code="a">3313060</subfield>
   <subfield code="2">mtmt</subfield>
  </datafield>
  <datafield tag="040" ind1=" " ind2=" ">
   <subfield code="a">SZTE Publicatio Repozitórium</subfield>
   <subfield code="b">hun</subfield>
  </datafield>
  <datafield tag="041" ind1=" " ind2=" ">
   <subfield code="a">zxx</subfield>
  </datafield>
  <datafield tag="100" ind1="1" ind2=" ">
   <subfield code="a">Klivényi Péter</subfield>
  </datafield>
  <datafield tag="245" ind1="1" ind2="2">
   <subfield code="a">A neurológiai eredetű mozgászavarok kezelése</subfield>
   <subfield code="h">[elektronikus dokumentum] /</subfield>
   <subfield code="c"> Klivényi Péter</subfield>
  </datafield>
  <datafield tag="260" ind1=" " ind2=" ">
   <subfield code="a">Professional Publishing Hungary Kft.</subfield>
   <subfield code="c">2017</subfield>
  </datafield>
  <datafield tag="300" ind1=" " ind2=" ">
   <subfield code="a">11-12</subfield>
  </datafield>
  <datafield tag="490" ind1="0" ind2=" ">
   <subfield code="a">MEDICAL TRIBUNE</subfield>
   <subfield code="v">15 No. 8</subfield>
  </datafield>
  <datafield tag="700" ind1="0" ind2="1">
   <subfield code="a">Zádori Dénes</subfield>
   <subfield code="e">aut</subfield>
  </datafield>
  <datafield tag="700" ind1="0" ind2="1">
   <subfield code="a">Vécsei László</subfield>
   <subfield code="e">aut</subfield>
  </datafield>
  <datafield tag="856" ind1="4" ind2="0">
   <subfield code="u">http://publicatio.bibl.u-szeged.hu/12682/1/Klivenyi_P._Neur._eredetu_mozgaszavarok_2017._u.pdf</subfield>
   <subfield code="z">Dokumentum-elérés </subfield>
  </datafield>
 </record>
</collection>
